000 00450nam a22001697a 4500
005 20250414130521.0
008 250414b |||||||| |||| 00| 0 eng d
020 _a8125902929
050 _aGE300 PAN
100 _aPandey G. N.
245 _aEnvironmental Management
_cG. N. Pandey
260 _aNew Delhi
_bVikas Publishing House PVT LTD.
_c1997
300 _a398p.
_c21 cm
500 _aIncludes Index
650 _2Geography
942 _2lcc
_cBK
_n0
999 _c5462
_d5462